000 01119naa a2200301 c 4500
001 49376
999 _c49376
_d49376
003 ES-MaCES
005 20170509122048.0
008 170509s2016 sp ||||| t||||||| ||spa d
040 _aES-MaCES
_bspa
_cES-MaCES
_dES-MaCES
100 1 _917956
_aMartín Hernández, Juan Carlos
245 1 0 _aRendimiento hospitalario y benchmarking
_cJuan Carlos Martín, Mª Isabel Ortega-Díaz
500 _aResumen
504 _aBibliografía: p. 49-51
650 4 _927059
_ahospital
650 4 _930673
_aatención hospitalaria
650 4 _927058
_aservicio de salud
650 4 _930272
_aasistencia médica
650 4 _928894
_atécnica de evaluación
650 4 _928254
_anorma de calidad
650 4 _928258
_aeficiencia
650 4 _929536
_amétodo estadístico
653 1 0 _aSalud
700 1 _938184
_aOrtega Díaz, María Isabel
773 0 _985690
_dZaragoza [Universidad], D.E.E. y E.P. 1993-
_o088588
_tRevista de economía aplicada
_w(ES-MaCES)25282
_gvol. 24, n. 70 (primavera 2016) {10269 R. 088588} ;p. 27-51
902 _aART Artículo de revista
942 _2CES
_cAR
_h3.1.